[Event "HUN-chT4 Chalupetzky 1516"]
[Site "Fertoszentmiklos"]
[Date "2016.02.21"]
[Round "5.2"]
[White "Nagy, Tamas"]
[Black "Markus, Jozsef"]
[Result "1-0"]
[WhiteElo "1904"]
[BlackElo "1752"]
[PlyCount "51"]
[EventDate "2015.10.11"]
[EventType "team-tourn"]
[EventRounds "7"]
[EventCountry "HUN"]
[SourceTitle "EXT 2017"]
[Source "ChessBase"]
[SourceDate "2016.10.25"]
[SourceVersion "1"]
[SourceVersionDate "2016.10.25"]
[SourceQuality "1"]
[WhiteTeam "Gyor Bastya"]
[BlackTeam "Gonyu"]
[WhiteTeamCountry "HUN"]
[BlackTeamCountry "HUN"]

1. e4 e5 2. Nf3 Nc6 3. Bc4 Be7 4. c3 Nf6 5. d3 0-0 6. Bb3 d5 7. Qe2 dxe4 8. dxe4 h6 9. Nbd2 Bc5 10. h3 Qe7 11. Nf1 Be6 12. Bc2 Rad8 13. g4 Nxe4 14. Bxe4 f5 15. gxf5 Bxf5 16. Ng3 Bxe4 17. Nxe4 Bb6 18. Be3 Rxf3 19. Qxf3 Nd4 20. Bxd4 exd4 21. 0-0-0 Rf8 22. Qd3 dxc3 23. Nxc3 Rxf2 24. Rhf1 Qg5+ 25. Kb1 Rg2 26. Rde1 1-0

[Event "HUN-chT2 Szechenyi 1516"]
[Site "Hungary"]
[Date "2015.11.29"]
[Round "5.11"]
[White "Gerencser, Csaba"]
[Black "Nagy, Tamas"]
[Result "1-0"]
[WhiteElo "1664"]
[BlackElo "1918"]
[PlyCount "83"]
[EventDate "2015.09.13"]
[EventType "team-tourn"]
[EventRounds "11"]
[EventCountry "HUN"]
[SourceTitle "CBM 170 Extra"]
[Source "ChessBase"]
[SourceDate "2016.02.25"]
[SourceVersion "1"]
[SourceVersionDate "2016.02.25"]
[SourceQuality "1"]
[WhiteTeam "Ajka Banyasz"]
[BlackTeam "Sarvar"]
[WhiteTeamCountry "HUN"]
[BlackTeamCountry "HUN"]

1. e4 e6 2. d4 d5 3. Nc3 Nf6 4. Bg5 Be7 5. e5 Nfd7 6. h4 Bxg5 7. hxg5 Qxg5 8. Nb5 Na6 9. Nf3 Qe7 10. Qd2 Nb6 11. 0-0-0 Bd7 12. Qc3 Bc6 13. Bd3 h6 14. Nd6+ cxd6 15. Bxa6 Na4 16. Qa3 bxa6 17. exd6 Qb7 18. Rd3 Nb6 19. Ne5 Nc4 20. Qc3 Rc8 21. Rg3 g6 22. b3 Nxd6 23. Rgh3 Ne4 24. Qf3 Ng5 25. Qf6 Rf8 26. Rxh6 Qe7 27. Qg7 Kd8 28. Rh8 Rxh8 29. Rxh8+ Kc7 30. Rxc8+ Kxc8 31. Nxc6 Qa3+ 32. Kb1 Kb7 33. Ne5 Kb6 34. f3 Qe7 35. f4 Ne4 36. Qxf7 Qa3 37. Qxe6+ Qd6 38. Qxd6+ Nxd6 39. Nxg6 Nb5 40. Ne7 Nxd4 41. Nxd5+ Kc5 42. c4 1-0

[Event "HUN-chT2 Szechenyi 1415"]
[Site "Hungary"]
[Date "2015.04.26"]
[Round "11.9"]
[White "Erseki, Tamara"]
[Black "Nagy, Tamas"]
[Result "1/2-1/2"]
[WhiteElo "1842"]
[BlackElo "1726"]
[PlyCount "194"]
[EventDate "2014.09.07"]
[EventType "team-tourn"]
[EventRounds "11"]
[EventCountry "HUN"]
[SourceTitle "EXT 2016"]
[Source "ChessBase"]
[SourceDate "2015.10.08"]
[SourceVersion "1"]
[SourceVersionDate "2015.10.08"]
[SourceQuality "1"]
[WhiteTeam "Tapolca"]
[BlackTeam "Sarvar"]
[WhiteTeamCountry "HUN"]
[BlackTeamCountry "HUN"]

1. e4 e6 2. d4 d5 3. Nd2 Nf6 4. e5 Nfd7 5. Bd3 c5 6. c3 Nc6 7. Ndf3 Qb6 8. Ne2 Be7 9. 0-0 0-0 10. Re1 f6 11. exf6 Nxf6 12. Nf4 Nd8 13. Qe2 cxd4 14. Nxd4 Bc5 15. Nb3 Bd6 16. Qe3 Qc7 17. h3 a5 18. a4 e5 19. Ne2 Ne6 20. Qd2 Nc5 21. Nxc5 Bxc5 22. Rf1 Qb6 23. Ng3 Be6 24. Qe2 Qd6 25. Be3 b6 26. Qd2 h5 27. Bg6 Bf7 28. Bxf7+ Rxf7 29. Qe2 g6 30. Qd3 Kg7 31. Qd2 h4 32. Ne2 Ne4 33. Bxc5 bxc5 34. Qd3 Raf8 35. f3 Ng3 36. Nxg3 hxg3 37. Rad1 Rd8 38. Rfe1 Qb6 39. Qe3 Rf5 40. Re2 Qb3 41. Rde1 d4 42. cxd4 Qxe3+ 43. Rxe3 exd4 44. Re7+ Kh6 45. Ra7 c4 46. Rc7 d3 47. Rxc4 d2 48. Rd1 Re5 49. Kf1 Rde8 50. Re4 Rxe4 51. fxe4 Rf8+ 52. Ke2 Rf2+ 53. Ke3 Rxg2 54. Kf3 Rf2+ 55. Kxg3 Re2 56. Kf4 g5+ 57. Kf5 Rf2+ 58. Ke6 Kg6 59. Kd5 Kf6 60. Kd4 Ke6 61. Ke3 Rg2 62. Rxd2 Rg3+ 63. Kd4 Rxh3 64. Rg2 Rb3 65. Rxg5 Rb4+ 66. Kd3 Rxa4 67. Rb5 Kd6 68. b3 Ra1 69. Kc3 Ra2 70. Kd4 Rd2+ 71. Ke3 Ra2 72. Kd3 Ra3 73. Kd4 a4 74. e5+ Ke6 75. Rb6+ Ke7 76. b4 Ra1 77. Ra6 a3 78. Kc3 a2 79. Ra4 Ke6 80. Kb2 Re1 81. Rxa2 Kxe5 82. Kb3 Kd5 83. Ka4 Re8 84. Rc2 Ra8+ 85. Kb3 Rb8 86. Rc5+ Kd6 87. Kc4 Ra8 88. Rd5+ Kc6 89. b5+ Kc7 90. Kc5 Ra1 91. b6+ Kb7 92. Rd7+ Kb8 93. Kc6 Rc1+ 94. Kd6 Rd1+ 95. Kc6 Rxd7 96. Kxd7 Kb7 97. Kd6 Kxb6 1/2-1/2

[Event "HUN-chT4a 1415"]
[Site "Hungary"]
[Date "2015.01.18"]
[Round "4.3"]
[White "Nagy, Tamas"]
[Black "Horvath, Gabor"]
[Result "1/2-1/2"]
[WhiteElo "1841"]
[BlackElo "2029"]
[PlyCount "23"]
[EventDate "2014.10.19"]
[EventType "team-tourn"]
[EventRounds "7"]
[EventCountry "HUN"]
[SourceTitle "EXT 2016"]
[Source "ChessBase"]
[SourceDate "2015.10.08"]
[SourceVersion "1"]
[SourceVersionDate "2015.10.08"]
[SourceQuality "1"]

1. e4 e5 2. Nf3 Nf6 3. Nxe5 d6 4. Nf3 Nxe4 5. d3 Nf6 6. d4 Bf5 7. Bd3 Bxd3 8. Qxd3 Nbd7 9. 0-0 Be7 10. Nc3 0-0 11. Re1 Re8 12. Bf4 1/2-1/2

[Event "HUN-chT4 1314"]
[Site "Hungary"]
[Date "2014.05.04"]
[Round "10.2"]
[White "Davidhazy, Robert"]
[Black "Nagy, Tamas"]
[Result "0-1"]
[WhiteElo "1677"]
[BlackElo "1820"]
[PlyCount "90"]
[EventDate "2013.10.13"]
[EventType "team-tourn"]
[EventRounds "11"]
[EventCountry "HUN"]
[SourceTitle "EXT 2016"]
[Source "ChessBase"]
[SourceDate "2015.10.08"]
[SourceVersion "1"]
[SourceVersionDate "2015.10.08"]
[SourceQuality "1"]

1. e4 c5 2. Nf3 g6 3. Bc4 Nc6 4. c3 Bg7 5. 0-0 e5 6. d3 Nge7 7. Bg5 0-0 8. Bxe7 Qxe7 9. Nbd2 d6 10. Bd5 Qc7 11. Rc1 Ne7 12. Qb3 Nxd5 13. exd5 Qd7 14. Qd1 b6 15. Rb1 Bb7 16. c4 f5 17. Ng5 Qe7 18. Ne6 Rf7 19. f4 exf4 20. Rxf4 Be5 21. Rf1 Bc8 22. Nf4 Bxf4 23. Rxf4 Qe3+ 24. Rf2 Qxd3 25. Re2 Bd7 26. Qe1 Qd4+ 27. Kh1 Qf6 28. b3 Kf8 29. Qg3 Re8 30. Rxe8+ Bxe8 31. Re1 Re7 32. Nf3 Rxe1+ 33. Qxe1 g5 34. h3 h6 35. Qe2 Bh5 36. Kh2 Bxf3 37. Qxf3 Qe5+ 38. g3 Kg7 39. Qf2 Kg6 40. Qc2 h5 41. a3 h4 42. Qf2 hxg3+ 43. Qxg3 Qxg3+ 44. Kxg3 Kh5 45. b4 f4+ 0-1

[Event "HUN-chT2 Szechenyi 1314"]
[Site "Hungary"]
[Date "2013.09.08"]
[Round "1.11"]
[White "Nagy, Tamas"]
[Black "Domonkos, Jozsef"]
[Result "1/2-1/2"]
[WhiteElo "1726"]
[BlackElo "1730"]
[PlyCount "46"]
[EventDate "2013.09.08"]
[EventType "team-tourn"]
[EventRounds "11"]
[EventCountry "HUN"]
[SourceTitle "EXT 2016"]
[Source "ChessBase"]
[SourceDate "2015.10.08"]
[SourceVersion "1"]
[SourceVersionDate "2015.10.08"]
[SourceQuality "1"]
[WhiteTeam "Sarvar"]
[BlackTeam "Veszprem"]
[WhiteTeamCountry "HUN"]
[BlackTeamCountry "HUN"]

1. e4 c5 2. Nf3 Nc6 3. d4 cxd4 4. Nxd4 e5 5. Nf3 h6 6. a3 Nf6 7. Nc3 Bc5 8. h3 0-0 9. Bd3 Re8 10. 0-0 b6 11. b4 Bf8 12. Bb2 d6 13. Bb5 Bd7 14. Re1 a6 15. Ba4 b5 16. Bb3 Rc8 17. Rc1 Qb6 18. Qd3 Ne7 19. Nh4 g5 20. Nf3 Ng6 21. Nd5 Nxd5 22. Bxd5 Nf4 23. Qe3 Qxe3 1/2-1/2

[Event "HUN-chT2 Szechenyi 1112"]
[Site "Hungary"]
[Date "2011.11.13"]
[Round "3.12"]
[White "Juhasz, Zoltan"]
[Black "Nagy, Tamas"]
[Result "1-0"]
[WhiteElo "1719"]
[BlackElo "1719"]
[PlyCount "99"]
[EventDate "2011.09.25"]
[EventType "team-tourn"]
[EventRounds "11"]
[EventCountry "HUN"]
[SourceTitle "EXT 2013"]
[Source "ChessBase"]
[SourceDate "2012.11.22"]
[SourceVersion "1"]
[SourceVersionDate "2012.11.22"]
[SourceQuality "1"]
[WhiteTeam "Zalaegerszeg"]
[BlackTeam "Sarvar"]
[WhiteTeamCountry "HUN"]
[BlackTeamCountry "HUN"]

1. e4 e6 2. d4 d5 3. Nd2 Nf6 4. e5 Nfd7 5. Bd3 c5 6. c3 Nc6 7. Ne2 Qb6 8. Nf3 Be7 9. 0-0 f6 10. exf6 Nxf6 11. Re1 0-0 12. a3 Bd7 13. b4 cxd4 14. cxd4 Rae8 15. Bf4 Nh5 16. Be5 Bf6 17. Qc2 Bxe5 18. Bxh7+ Kh8 19. dxe5 Ne7 20. Bd3 Nf4 21. Qd2 Nxd3 22. Qxd3 Bb5 23. Qd4 Qxd4 24. Nexd4 Bd7 25. Rac1 Nc6 26. Nb5 Nxb4 27. axb4 Bxb5 28. Rc7 Bc6 29. Nd4 Rf4 30. Rd1 Ba4 31. Rd3 Re4 32. f4 Rxf4 33. Rxb7 a6 34. Rb6 Ref8 35. Rf3 Bb5 36. Rxe6 Kg8 37. Nxb5 axb5 38. Rxf4 Rxf4 39. Rd6 Rd4 40. e6 Kf8 41. Rd7 g5 42. Kf2 g4 43. Kg3 Ke8 44. Kh4 Kf8 45. Kg5 Rd2 46. Kf6 Rf2+ 47. Ke5 Rxg2 48. Kd6 Re2 49. Rd8+ Kg7 50. e7 1-0